[Event "Tournament (Elo)"]
[Site "masterchessopen.com Saratov (Russia)"]
[Date "2009.10.05"]
[Round "1"]
[White "Lamikhov Jury (RUS)"]
[Black "Velichko Tatiana (RUS)"]
[Result "1-0"]
[WhiteElo "1942"]
[BlackElo "1848"]

1.d4 d5 2.c4 c6 3.Nd2 Nf6 4.Ngf3 e6 5.g3 Be7 6.Bg2 O-O 7.O-O Nbd7 8.Qc2 b6
9.e4 dxc4 10.Nxc4 Ba6 11.Re1 Rc8 12.Bf4 c5 13.Nd6 Bxd6 14.Bxd6 Re8 15.Qa4 Bd3
16.e5 Nd5 17.Qxa7 Ra8 18.Qb7 Ba6 19.Qc6 c4 20.Qa4 Bb7 21.Qxc4 Rc8 22.Qb3 Nb8
23.Bxb8 Rxb8 24.Nd2 Qd7 25.Nc4 Red8 26.Nd6 Bc6 27.Rac1 Ba4 28.Qc4 b5 29.Qc5 b4
30.Bxd5 exd5 31.Qxd5 Rb6 32.Qc5 {#r} 1-0

[Event "Ch Kuzbass"]
[Site "masterchessopen.com Kemerovo (Russia)"]
[Date "2009.10.23"]
[Round "9"]
[White "Ponomarenko Natalia (RUS)"]
[Black "Sinkin Boris (RUS)"]
[Result "1-0"]
[WhiteElo "1927"]
[BlackElo "1985"]

1.d4 d5 2.c4 e6 3.Nf3 Nf6 4.g3 Be7 5.Bg2 O-O 6.Qc2 Nbd7 7.Nbd2 c6 8.O-O Re8
9.e4 dxe4 10.Nxe4 Nxe4 11.Qxe4 Bf6 12.Re1 Nb6 13.b3 a5 14.Bf4 a4 15.Rad1 axb3
16.axb3 Bd7 17.Ne5 Re7 18.Rc1 Be8 19.Be3 g6 20.Ng4 Bg7 21.Bg5 f6 22.Nxf6+ Kh8
23.Qh4 h5 24.Nxe8 Qxe8 25.Bxe7 {#r} 1-0

[Event "Ch Central Serbia"]
[Site "masterchessopen.com Vrnjacka Banja (Serbia)"]
[Date "2009.11.11"]
[Round "4"]
[White "Stanojevic Branko (SRB)"]
[Black "Sredojevic Ivan (SRB)"]
[Result "1-0"]
[WhiteElo "2287"]
[BlackElo "2380"]

1.d4 Nf6 2.c4 e6 3.Nf3 d5 4.g3 Be7 5.Bg2 O-O 6.O-O c6 7.Qc2 Nbd7 8.Nbd2 b6
9.e4 Ba6 10.b3 Rc8 11.Rd1 c5 12.exd5 exd5 13.Bb2 cxd4 14.Nxd4 b5 15.Rac1 bxc4
16.bxc4 Re8 17.Qb1 dxc4 18.Nc6 Qb6 19.Nxc4 Bxc4 20.Rxc4 Bc5 21.Bxf6 Nxf6
22.Qc2 Nd7 23.Qf5 Qb5 24.Bd5 Nf6 25.Rxc5 Qe2 26.Bf3 {#r} 1-0

[Event "Ch City (open)"]
[Site "masterchessopen.com Novokuznetsk (Russia)"]
[Date "2009.12.06"]
[Round "7"]
[White "Vladimirov Mikhail (RUS)"]
[Black "Izmestiev Alexey (RUS)"]
[Result "1-0"]
[WhiteElo "2171"]
[BlackElo "2131"]

1.d4 d5 2.Nf3 Nf6 3.g3 c6 4.Bg2 e6 5.O-O Nbd7 6.c4 Be7 7.Nbd2 O-O 8.Qc2 Re8
9.e4 dxe4 10.Nxe4 Nxe4 11.Qxe4 Nf6 12.Qc2 c5 13.Rd1 cxd4 14.Rxd4 Qb6 15.Rh4 h6
16.Be3 Bc5 17.Re1 Bxe3 18.Rxe3 g5 19.Rxh6 Kg7 20.Rxf6 Kxf6 21.Qc3+ Ke7 22.Nxg5
Rg8 23.Ne4 Rg6 24.Qa3+ Kd7 25.Qf8 {#r} 1-0

[Event "It (open)"]
[Site "masterchessopen.com Ketrzyn (Poland)"]
[Date "2009.12.30"]
[Round "9"]
[White "Szymczak Zbigniew (POL)"]
[Black "Baturo Tomasz (POL)"]
[Result "1-0"]
[WhiteElo "2289"]
[BlackElo "2079"]

1.d4 d5 2.c4 e6 3.Nf3 c6 4.Qc2 Nf6 5.g3 Nbd7 6.Bg2 Be7 7.O-O O-O 8.Nbd2 b6
9.b3 Bb7 10.Bb2 dxc4 11.Nxc4 Re8 12.Rfd1 Rc8 13.Rac1 Qc7 14.Qb1 a5 15.Ng5 Rf8
16.e4 c5 17.e5 Bxg2 {#r} 1-0

[Event "Ch City"]
[Site "masterchessopen.com Kimry (Russia)"]
[Date "2010.01.06"]
[Round "8"]
[White "Mikhailov Ivan (RUS)"]
[Black "Kharanzhevsky Viacheslav (RUS)"]
[Result "1-0"]
[WhiteElo "1974"]
[BlackElo "1816"]

1.d4 d5 2.c4 e6 3.g3 Nf6 4.Bg2 c6 5.Nf3 Nbd7 6.O-O Be7 7.Qc2 O-O 8.Nbd2 Qc7
9.e4 Bb4 10.cxd5 exd5 11.e5 Ne8 12.Ng5 h6 13.Qh7# 1-0

[Event "Tournament (open) \"]
[Site "masterchessopen.com Moscow (Russia)"]
[Date "2010.01.11"]
[Round "8"]
[White "Shefer Alexander (RUS)"]
[Black "Spichkin Alexander (RUS)"]
[Result "0-1"]
[WhiteElo "2202"]
[BlackElo "2190"]

1.d4 d5 2.c4 e6 3.Nf3 c6 4.Qc2 Nf6 5.Nbd2 Nbd7 6.g3 Be7 7.Bg2 O-O 8.O-O b6
9.e4 Ba6 10.Ne5 Nxe5 11.dxe5 Ng4 12.exd5 cxd5 13.Qa4 Qc8 14.cxd5 Bxf1 15.Nxf1
exd5 16.Bxd5 Rb8 17.Bf4 Qc5 18.Be3 Nxe3 19.Nxe3 Bg5 20.Qe4 Bxe3 21.fxe3 Rbd8
22.Bb3 Rde8 23.Bd5 Qe7 {#R} 0-1

[Event "Ch Europe (seniors) (team)"]
[Site "masterchessopen.com Dresden (Germany)"]
[Date "2010.02.16"]
[Round "7"]
[White "Mishuchkov Nikolai M (RUS)"]
[Black "Hoen Ragnar (NOR)"]
[Result "1-0"]
[WhiteElo "2373"]
[BlackElo "2240"]

1.d4 d5 2.Nf3 e6 3.c4 Nf6 4.g3 c6 5.Nbd2 Nbd7 6.Bg2 Be7 7.O-O O-O 8.Qc2 b6
9.e4 dxc4 10.Nxc4 Ba6 11.b3 Rc8 12.Rd1 Re8 13.Bb2 Qc7 14.Rac1 c5 15.Ne3 Bb7
16.d5 exd5 17.e5 Nh5 18.Nxd5 Bxd5 19.Rxd5 g6 20.Bh3 Rcd8 21.e6 Nf8 22.exf7+
{#r} 1-0

[Event "It (open)"]
[Site "masterchessopen.com Novy Bor (Czech Republic)"]
[Date "2010.02.20"]
[Round "9"]
[White "Hantak Adam (GER)"]
[Black "Navratil Jiri (CZE)"]
[Result "1-0"]
[WhiteElo "2200"]
[BlackElo "2015"]

1.d4 d5 2.c4 e6 3.Nf3 Nf6 4.g3 c6 5.Bg2 Nbd7 6.Nbd2 Be7 7.O-O O-O 8.Qc2 Re8
9.Rd1 Qc7 10.e4 dxe4 11.Nxe4 Nxe4 12.Qxe4 Nf8 13.Ne5 f6 14.Nd3 Bd7 15.Bf4 Qa5
16.a3 Qh5 17.Bf3 Qf7 18.Re1 Rad8 19.Rad1 Bc8 20.h4 e5 21.dxe5 f5 22.Qe2 Qxc4
23.Be3 a6 24.Bb6 Rd7 25.Nf4 Qxe2 26.Bxe2 Rxd1 27.Bxd1 Bd6 28.Bb3+ Kh8 29.Nd3
Bb8 30.f4 Ne6 31.Bxe6 Bxe6 32.Nc5 Kg8 {#r} 1-0

[Event "Czech League 2009/10 (2nd) (d)"]
[Site "masterchessopen.com Czech Republic"]
[Date "2010.02.28"]
[Round "8"]
[White "Mlynek Petr (CZE)"]
[Black "Zeinert Michal (CZE)"]
[Result "1-0"]
[WhiteElo "2183"]
[BlackElo "2154"]

1.d4 Nf6 2.c4 e6 3.g3 d5 4.Nf3 Be7 5.Bg2 O-O 6.O-O Nbd7 7.Qc2 c6 8.Nbd2 Re8
9.e4 dxe4 10.Nxe4 Nxe4 11.Qxe4 Qb6 12.b3 Nf6 13.Qe2 a5 14.Be3 Qc7 15.Bf4 Bd6
16.Ne5 Nd7 17.c5 Bxe5 18.Bxe5 Qd8 19.Rad1 Nf6 20.f4 Nd5 21.Rd3 b5 22.Qh5 b4
23.g4 g6 24.Qh6 f6 25.Rh3 Ra7 26.Be4 fxe5 27.Bxg6 Qe7 28.fxe5 Ba6 29.Rf2 Rd7
30.Bxe8 Qxe8 31.Rhf3 Rg7 32.Qxe6+ {#r} 1-0

[Event "Ch Romania (juniors) (under 20)"]
[Site "masterchessopen.com Voineasa (Romania)"]
[Date "2010.04.09"]
[Round "2"]
[White "Miroiu George Catalin (ROM)"]
[Black "Stuparu Cornelius-Georgian"]
[Result "1-0"]
[WhiteElo "2223"]
[BlackElo "1909"]

1.d4 d5 2.Nf3 Nf6 3.c4 e6 4.g3 Be7 5.Bg2 O-O 6.Qc2 Nbd7 7.O-O c6 8.Nbd2 Qc7
9.e4 dxe4 10.Nxe4 e5 11.Nxe5 Nxe5 12.Bf4 Nfd7 13.dxe5 Qa5 14.a3 Nxe5 15.b4 Qc7
16.Rfe1 Bf5 17.Nf6+ Bxf6 18.Qxf5 Rfe8 19.Be4 h6 20.Kg2 Qd7 21.Qh7+ Kf8 22.Rad1
Qe6 23.Bf5 Qxc4 24.Qh8+ {#r} 1-0

[Event "Czech League 2009/10 (1st) East"]
[Site "masterchessopen.com Czech Republic"]
[Date "2010.04.11"]
[Round "11"]
[White "Kvicala Miroslav (CZE)"]
[Black "Olsar Zdenek (CZE)"]
[Result "1-0"]
[WhiteElo "2042"]
[BlackElo "1984"]

1.d4 d5 2.c4 c6 3.Nf3 Nf6 4.Nbd2 e6 5.g3 Nbd7 6.Bg2 Be7 7.Qc2 O-O 8.O-O h6
9.e4 dxe4 10.Nxe4 Nxe4 11.Qxe4 Nf6 12.Qe2 c5 13.Rd1 cxd4 14.Nxd4 Qb6 15.Nb3
Bd7 16.Be3 Qc7 17.Bf4 Qb6 18.c5 Bb5 19.Qf3 Qc6 20.Qe3 Qa6 21.Bd6 Rfe8 22.Bxe7
Rxe7 23.Rd6 Bc6 24.Bf1 Qa4 25.Rd4 Ng4 26.Qe1 Rd7 27.Rxa4 Bxa4 {#r} 1-0

[Event "Ch Romania (juniors) (under 16)"]
[Site "masterchessopen.com Voineasa (Romania)"]
[Date "2010.04.13"]
[Round "8"]
[White "Cordea David"]
[Black "Zubac Mihai-Paul"]
[Result "1-0"]
[WhiteElo "1935"]
[BlackElo "1916"]

1.d4 d5 2.c4 c6 3.Nf3 e6 4.g3 Nf6 5.Bg2 Be7 6.O-O O-O 7.Nbd2 Nbd7 8.Qc2 Qc7
9.e4 dxe4 10.Nxe4 Nxe4 11.Qxe4 Nf6 12.Qe2 c5 13.b3 b6 14.Bf4 Bd6 15.Bxd6 Qxd6
16.dxc5 Qxc5 17.Ne5 Rb8 18.b4 Qc7 19.Nc6 Rb7 20.Rfd1 Kh8 21.Rd2 Bd7 22.b5 Bxc6
23.bxc6 Rbb8 24.Rad1 Qe7 25.Qe5 Rbc8 26.a4 Qb4 27.Qb5 Qa3 28.Qa6 Rc7 29.Rd8
Kg8 30.Qb7 Qe7 31.Qb8 Nd7 {#r} 1-0

[Event "Memorial Y. Voroniatov (open)"]
[Site "masterchessopen.com Nizhnij Novgorod (Russia)"]
[Round "3"]
[White "Gorozhanin Mikhail (RUS)"]
[Black "Kozyrev Daniil (RUS)"]
[Result "1-0"]
[WhiteElo "2125"]
[BlackElo "2142"]

1.Nf3 d5 2.g3 Nf6 3.Bg2 e6 4.O-O Be7 5.d4 O-O 6.c4 Nbd7 7.Qc2 c6 8.Nbd2 b6
9.e4 dxe4 10.Nxe4 Bb7 11.Rd1 Qc8 12.Bf4 Nxe4 13.Qxe4 c5 14.d5 Bf6 15.Ng5 Bxg5
16.Bxg5 h6 17.Be3 Nf6 18.Qh4 exd5 19.Bxh6 {#r} 1-0

[Event "Memorial Francisco Codes (open)"]
[Site "masterchessopen.com Madrid (Spain)"]
[Date "2010.05.02"]
[Round "3"]
[White "Navas Hernando Oscar (ESP)"]
[Black "Parrilla Salinas Agustin (ESP)"]
[Result "1-0"]
[WhiteElo "1840"]
[BlackElo "1595"]

1.d4 e6 2.c4 Nf6 3.Nf3 d5 4.g3 c6 5.Qc2 Be7 6.Bg2 Nbd7 7.Nbd2 O-O 8.O-O h6
9.Re1 a5 10.a3 b6 11.e4 dxe4 12.Nxe4 Bb7 13.Nxf6+ Nxf6 14.Ne5 Rc8 15.Be3 Ba8
16.Rad1 b5 17.Rc1 Nd7 18.Red1 Bg5 19.f4 Bf6 20.cxb5 cxb5 21.Qxc8 Qxc8 22.Rxc8
Rxc8 23.Nxd7 {#r} 1-0

[Event "It (open)"]
[Site "masterchessopen.com Triesen (Liechtenstein)"]
[Date "2010.05.13"]
[Round "7"]
[White "Bogner Sebastian (GER)"]
[Black "Grabher Heinz (AUT)"]
[Result "1-0"]
[WhiteElo "2549"]
[BlackElo "2246"]

1.d4 Nf6 2.c4 e6 3.g3 d5 4.Nf3 Be7 5.Bg2 O-O 6.O-O Nbd7 7.Qc2 c6 8.Nbd2 b6
9.e4 Bb7 10.e5 Ne8 11.cxd5 cxd5 12.Re1 Rc8 13.Qa4 a5 14.Nf1 Ba6 15.Bd2 Nc7
16.Ne3 Bb5 17.Qd1 Na6 18.a4 Bc6 19.Nc2 Qc7 20.Bf1 Ndb8 21.Bd3 Bb7 22.Qe2 Qd8
23.h4 h6 24.Rec1 Rc7 25.Nh2 Bc8 26.Ng4 f5 27.exf6 Bxf6 28.Bxh6 gxh6 29.Nxh6+
Kh8 30.Qh5 Kg7 31.Ng4 Kg8 32.Nce3 Rg7 33.Nh6+ {#r} 1-0

[Event "Ch Ukraine (team)"]
[Site "masterchessopen.com Alushta (Ukraine)"]
[Date "2010.05.15"]
[Round "4"]
[White "Kolesov Eugeny (UKR)"]
[Black "Kijajkin Pavel (UKR)"]
[Result "0-1"]
[WhiteElo "1967"]
[BlackElo "2147"]

1.d4 Nf6 2.c4 e6 3.g3 d5 4.Bg2 c6 5.Nf3 Nbd7 6.O-O Be7 7.Qc2 O-O 8.Nbd2 Re8
9.e4 dxe4 10.Nxe4 Nxe4 11.Qxe4 Bf6 12.Re1 Nb6 13.b3 Bd7 14.Bf4 c5 15.Ne5 Bxe5
16.Bxe5 f6 17.dxc5 Bc6 18.Qc2 Bxg2 19.Kxg2 Nd7 20.Bd6 Qc8 21.Qe4 f5 22.Qf3 Nf6
23.Re5 Ne4 24.Qe3 Qc6 25.Qf3 Rad8 26.Rd1 Rd7 27.Kg1 b6 28.h4 bxc5 29.Rxc5 Qa6
30.Rc7 Rxd6 31.Re1 Qa5 32.Rxe4 Qxc7 33.Re2 Qc6 {#R} 0-1

[Event "Ch Germany (juniors) (Internet) (under 14) (qual3)"]
[Site "masterchessopen.com Internet"]
[Date "2010.06.09"]
[Round "1"]
[White "Donchenko Alexander (GER)"]
[Black "Knopf Felix (GER)"]
[Result "1-0"]
[WhiteElo "2204"]
[BlackElo "1718"]

1.d4 d5 2.Nf3 Nf6 3.c4 c6 4.Qc2 e6 5.Nbd2 Be7 6.g3 Nbd7 7.Bg2 O-O 8.O-O Qc7
9.e4 dxc4 10.Nxc4 b5 11.Bf4 Qd8 12.Nce5 c5 13.Nc6 Qe8 14.Ng5 h6 15.e5 Nd5
16.Qh7# 1-0

[Event "Ch Colombia (1/2 final)"]
[Site "masterchessopen.com Medellin (Colombia)"]
[Date "2010.06.09"]
[Round "7"]
[White "Panesso Henry (COL)"]
[Black "Cadena Juan Manuel (COL)"]
[Result "1-0"]
[WhiteElo "2313"]
[BlackElo "2152"]

1.d4 d5 2.c4 e6 3.Nf3 Nf6 4.g3 Be7 5.Bg2 O-O 6.O-O Nbd7 7.Qc2 c6 8.Nbd2 b6
9.e4 dxe4 10.Nxe4 Bb7 11.Rd1 Qc8 12.Nxf6+ Bxf6 13.Bf4 Re8 14.c5 e5 15.dxe5
Nxe5 16.Bxe5 Bxe5 17.Ng5 g6 18.Bh3 Qb8 19.Rd7 Rf8 20.Qb3 {#r} 1-0

[Event "Memorial Walter Merli (open)"]
[Site "masterchessopen.com Barrinha (Brazil)"]
[Date "2010.07.02"]
[Round "2"]
[White "Oliveira Henrique (POR)"]
[Black "Palozi Paulo Ricardo (BRA)"]
[Result "0-1"]
[WhiteElo "2057"]
[BlackElo "2234"]

1.d4 d5 2.c4 c6 3.Nf3 Nf6 4.g3 e6 5.Bg2 Nbd7 6.O-O Be7 7.Qc2 O-O 8.Nbd2 b6
9.e4 dxe4 10.Nxe4 Bb7 11.Rd1 Qc8 12.Bf4 Nxe4 13.Qxe4 c5 14.d5 Bf6 15.Qc2 exd5
16.cxd5 Re8 17.Rac1 Nf8 18.h4 Qd7 19.Kh2 Rad8 20.Bh3 Qb5 21.Bf1 Qxb2 22.Qxb2
Bxb2 23.Rb1 Rxd5 {#R} 0-1

[Event "It (open)"]
[Site "masterchessopen.com Oberwart (Austria)"]
[Date "2010.07.15"]
[Round "6"]
[White "Varga Melinda (HUN)"]
[Black "Kammerer Gernot (AUT)"]
[Result "1-0"]
[WhiteElo "1989"]
[BlackElo "2053"]

1.Nf3 Nf6 2.c4 e6 3.g3 d5 4.Bg2 Be7 5.O-O O-O 6.d4 c6 7.Qc2 Nbd7 8.Nbd2 b6
9.e4 dxe4 10.Nxe4 Bb7 11.Ne5 Qc8 12.Rd1 c5 13.Nxd7 Nxd7 14.d5 exd5 15.cxd5 Rd8
16.Bf4 Nf8 17.d6 Bf6 18.Nxf6+ gxf6 19.Bxb7 Qxb7 20.Qc3 f5 21.Qf6 Qe4 22.Be5
{#r} 1-0

[Event "It (open)"]
[Site "masterchessopen.com Charala (Colombia)"]
[Date "2010.07.19"]
[Round "6"]
[White "Clavijo Jorge (COL)"]
[Black "Villamil Hector Orlando (COL)"]
[Result "1-0"]
[WhiteElo "2332"]
[BlackElo "2120"]

1.d4 d5 2.c4 c6 3.Nf3 Nf6 4.Qc2 e6 5.g3 Be7 6.Bg2 O-O 7.O-O Nbd7 8.Nbd2 Re8
9.e4 dxe4 10.Nxe4 Nxe4 11.Qxe4 Nf6 12.Qc2 c5 13.Rd1 cxd4 14.Nxd4 Qb6 15.a3 e5
16.Nb5 Bg4 17.Re1 Bc5 18.b4 Bd4 19.Nxd4 exd4 20.Bg5 Rad8 21.Qd3 h6 22.Bxf6
gxf6 23.Bd5 Kg7 24.Bxf7 {#r} 1-0

[Event "It (open)"]
[Site "masterchessopen.com Klaksvik (Faroe Islands)"]
[Date "2010.07.21"]
[Round "3"]
[White "Dam Vagnur (FAI)"]
[Black "Steil-Antoni Fiona (LUX)"]
[Result "0-1"]
[WhiteElo "1676"]
[BlackElo "2152"]

1.d4 d5 2.c4 e6 3.Nf3 Nf6 4.g3 Be7 5.Bg2 O-O 6.Qc2 c6 7.Nbd2 Nbd7 8.O-O Re8
9.b3 b6 10.Bb2 Bb7 11.e4 dxe4 12.Nxe4 c5 13.Nxf6+ Nxf6 14.Rad1 Qc7 15.Rfe1
Rad8 16.Ne5 Bxg2 17.Kxg2 cxd4 18.Bxd4 Nd7 19.Nxd7 Rxd7 20.Rd3 Red8 21.Red1
Qc6+ 22.f3 e5 23.Bxe5 Qg6 24.Bc7 Rxd3 25.Bxd8 Rxd8 26.Rxd8+ Bxd8 27.Qd2 Qf6
28.h4 Qe7 29.h5 h6 {#R} 0-1

[Event "It (open)"]
[Site "masterchessopen.com Tibor (Czech Republic)"]
[Date "2010.08.03"]
[Round "4"]
[White "Ivanov Mikhail M (RUS)"]
[Black "Petkov Andon (CZE)"]
[Result "1-0"]
[WhiteElo "2438"]
[BlackElo "1880"]

1.d4 d5 2.c4 e6 3.Nf3 Nf6 4.g3 c6 5.Qc2 Nbd7 6.Bg2 Be7 7.O-O O-O 8.Nbd2 Re8
9.e4 Nxe4 10.Nxe4 dxe4 11.Qxe4 Nf6 12.Qc2 Qb6 13.a3 a5 14.c5 Qb5 15.Re1 a4
16.Bd2 Qa6 17.Ne5 Rd8 18.Bf1 Qa7 19.Be3 Bd7 20.Bd3 Be8 21.Nc4 Nd5 22.Bxh7+ Kh8
23.Bd3 Rac8 24.Qe2 g6 25.h4 b5 26.cxb6 Nxb6 27.d5 {#r} 1-0

[Event "Cup Hope (open)"]
[Site "masterchessopen.com Nizhnij Novgorod (Russia)"]
[Date "2010.08.12"]
[Round "3"]
[White "Volkov Ilya (RUS)"]
[Black "Popov Nikita A (RUS)"]
[Result "1-0"]
[WhiteElo "2140"]
[BlackElo "1781"]

1.d4 d5 2.c4 e6 3.Nf3 Nf6 4.g3 Nbd7 5.Bg2 c6 6.Qc2 Be7 7.O-O O-O 8.Nbd2 Qc7
9.e4 dxe4 10.Nxe4 Nxe4 11.Qxe4 Nf6 12.Qe2 Rd8 13.Bf4 Bd6 14.Bxd6 Qxd6 15.c5
Qc7 16.Rfd1 Rb8 17.Ne5 Nd5 18.Nc4 Ne7 19.Be4 h6 20.Nd6 {#r} 1-0

[Event "Ch Germany (seniors)"]
[Site "masterchessopen.com Berlin (Germany)"]
[Date "2010.08.22"]
[Round "7"]
[White "Burstein Garri (GER)"]
[Black "Lueders Guenther Dr (GER)"]
[Result "1-0"]
[WhiteElo "1966"]
[BlackElo "1861"]

1.d4 d5 2.c4 e6 3.Nf3 Nf6 4.g3 Be7 5.Bg2 O-O 6.O-O c6 7.Qc2 Nbd7 8.Nbd2 h6
9.b3 b5 10.Bb2 Bb7 11.c5 a5 12.a3 Qc7 13.b4 Ng4 14.h3 Ngf6 15.Ne5 a4 16.f4
Rad8 17.Rae1 Bc8 18.g4 Ne8 19.e4 Nxe5 20.dxe5 f6 21.exf6 Bxf6 22.e5 Be7 23.Bd4
Bh4 24.Re3 Qf7 25.Qd3 Bd7 26.Ref3 Nc7 27.f5 exf5 28.gxf5 Be8 29.Rf4 Bg5 30.Rg4
Bxd2 31.Qxd2 Kh8 32.e6 Qe7 33.Qxh6+ {#r} 1-0

[Event "It (open)"]
[Site "masterchessopen.com Schwarzach (Austria)"]
[Date "2010.08.23"]
[Round "3"]
[White "Pantaleev Petar (BUL)"]
[Black "Loeffler Alois (AUT)"]
[Result "1-0"]
[WhiteElo "2304"]
[BlackElo "2117"]

1.d4 d5 2.Nf3 Nf6 3.c4 e6 4.g3 c6 5.Nbd2 Nbd7 6.Bg2 Be7 7.O-O O-O 8.Qc2 Re8
9.e4 dxe4 10.Nxe4 Nxe4 11.Qxe4 Nf6 12.Qe2 c5 13.dxc5 Bxc5 14.Bd2 Bd7 15.b4 Be7
16.Ne5 Qc7 17.a4 Red8 18.a5 Rac8 19.Bf4 Bd6 20.c5 Bxe5 21.Bxe5 Bb5 22.Bxc7
Bxe2 23.Bxd8 Bxf1 24.Kxf1 Rxd8 25.Bxb7 Rb8 26.c6 Nd5 27.b5 {#r} 1-0

[Event "Memorial Jessie Gilbert (open)"]
[Site "masterchessopen.com Coulsdon (England)"]
[Date "2010.08.25"]
[Round "5"]
[White "Poobalasingam Peter (ENG)"]
[Black "Summerscale Aaron (ENG)"]
[Result "0-1"]
[WhiteElo "2332"]
[BlackElo "2419"]

1.d4 d5 2.c4 e6 3.Nf3 Nf6 4.g3 Be7 5.Bg2 O-O 6.O-O c6 7.Qc2 Nbd7 8.Nbd2 b6
9.e4 Bb7 10.e5 Ne8 11.cxd5 cxd5 12.Re1 Rc8 13.Qd1 Qc7 14.Bf1 Qc2 15.Qxc2 Rxc2
16.Nb1 Rc8 17.Nc3 Nc7 18.a3 Nb8 19.h4 h6 20.g4 Ba6 21.Bh3 Nb5 22.Nd1 Nc6
23.Be3 Na5 24.b4 Nc4 25.a4 Nba3 26.b5 Nc2 27.Ra2 Nxe1 28.Nxe1 Nxe3 29.Nxe3 Rc1
30.Nc2 Bb7 31.Kg2 Bxh4 32.a5 Rb1 33.axb6 axb6 34.Ra7 Rb8 {#R} 0-1

[Event "Tournament \"]
[Site "masterchessopen.com Madrid (Spain)"]
[Date "2010.10.17"]
[Round "4"]
[White "Bermejo Redondo Oscar (ESP)"]
[Black "Takvor Mena Samuel (ESP)"]
[Result "1-0"]
[WhiteElo "1874"]
[BlackElo "1665"]

1.d4 d5 2.c4 e6 3.g3 c6 4.Bg2 Nf6 5.Nf3 Nbd7 6.O-O Be7 7.Qc2 O-O 8.Nbd2 Re8
9.e4 dxc4 10.Qxc4 Nb6 11.Qc2 Bd7 12.Nb3 Rc8 13.Nc5 Bxc5 14.dxc5 Na8 15.e5 Nd5
16.Ng5 g6 17.Ne4 Kg7 18.Qd2 Rf8 19.Qh6+ Kh8 20.Ng5 {#r} 1-0

[Event "Ch Brazil (1/2 final)"]
[Site "masterchessopen.com Recife (Brazil)"]
[Date "2010.10.30"]
[Round "1"]
[White "Azevedo Eduardo Jose E De (BRA)"]
[Black "Oliveira Herbert Silva de"]
[Result "1-0"]
[WhiteElo "1959"]
[BlackElo "2111"]

1.d4 d5 2.Nf3 c6 3.c4 e6 4.g3 Nf6 5.Qc2 Be7 6.Bg2 Nbd7 7.O-O O-O 8.Nbd2 Qc7
9.e4 dxe4 10.Nxe4 Nxe4 11.Qxe4 Nf6 12.Qc2 Qb6 13.b3 c5 14.Bb2 Bd7 15.dxc5 Bxc5
16.Ng5 Bd4 17.Bxd4 Qxd4 18.Bxb7 Qg4 19.Ne4 Nxe4 20.Qxe4 Qxe4 21.Bxe4 Rac8
22.Rfd1 Rfd8 23.Rd6 Kf8 24.Rad1 Ke7 25.Kf1 e5 26.Ke1 f5 27.Rxd7+ Rxd7 28.Rxd7+
Ke6 29.Bxf5+ Kxf5 30.Rxg7 {#r} 1-0

[Event "Ch Spain (for the blind))"]
[Site "masterchessopen.com Benidorm (Spain)"]
[Date "2010.11.14"]
[Round "1"]
[White "Diez Asensio Jesus (ESP)"]
[Black "Ariste Justo Jesus A (ESP)"]
[Result "0-1"]
[WhiteElo "1829"]
[BlackElo "1875"]

1.d4 d5 2.c4 c6 3.Nf3 Nf6 4.Qc2 e6 5.Nbd2 Nbd7 6.g3 Be7 7.Bg2 O-O 8.O-O Re8
9.e4 dxe4 10.Nxe4 Nxe4 11.Qxe4 Bf6 12.Bf4 c5 13.dxc5 Nxc5 14.Qe2 Qd3 15.Qe3
Qxe3 16.Bxe3 Nd3 17.Rab1 Nxb2 18.Nd2 Re7 19.Be4 Na4 20.Rfc1 Nc3 21.Rb3 {#R}
0-1

[Event "It (open)"]
[Site "masterchessopen.com Bogota (Colombia)"]
[Date "2010.12.05"]
[Round "6"]
[White "Mendoza Rafael (COL)"]
[Black "Ramirez Heimy (COL)"]
[Result "1-0"]
[WhiteElo "2342"]
[BlackElo "2055"]

1.d4 d5 2.c4 e6 3.Nf3 Nf6 4.g3 Be7 5.Bg2 O-O 6.O-O c6 7.Qc2 Nbd7 8.Nbd2 Re8
9.e4 dxe4 10.Nxe4 c5 11.Nxf6+ Bxf6 12.dxc5 Nxc5 13.Rd1 Qe7 14.Be3 e5 15.Rd5
Na6 16.a3 Be6 17.Rb5 Bc8 18.Bg5 e4 19.Re5 exf3 20.Rxe7 fxg2 {#r} 1-0

[Event "It (open)"]
[Site "masterchessopen.com Zadar (Croatia)"]
[Date "2010.12.15"]
[Round "5"]
[White "Kovacevic Blazimir (CRO)"]
[Black "Dizdar Goran (CRO)"]
[Result "0-1"]
[WhiteElo "2459"]
[BlackElo "2555"]

1.c4 e6 2.g3 d5 3.Bg2 Nf6 4.Nf3 Be7 5.O-O O-O 6.d4 c6 7.Qc2 Nbd7 8.Nbd2 b6
9.e4 Ba6 10.b3 c5 11.exd5 exd5 12.Bb2 Rc8 13.Qf5 Rc7 14.Rad1 g6 15.Qb1 Bb7
16.Rfe1 Re8 17.Qa1 dxc4 18.Nxc4 Qa8 19.Nh4 Bxg2 20.Nxg2 cxd4 21.Bxd4 Ne4
22.Be5 Rxc4 23.Rxd7 Rc2 24.Qd1 Rxf2 25.Qd5 Qxd5 26.Rxd5 Rd2 27.Nf4 Bc5+ 28.Kh1
Rxd5 29.Nxd5 Rxe5 {#R} 0-1

[Event "Cup Rilton"]
[Site "masterchessopen.com Stockholm (Sweden)"]
[Date "2011.01.05"]
[Round "9"]
[White "Ulibin Mikhail (RUS)"]
[Black "Leer-Salvesen Bjarte (NOR)"]
[Result "1-0"]
[WhiteElo "2561"]
[BlackElo "2380"]

1.d4 d5 2.c4 e6 3.Nf3 c6 4.Nbd2 Nf6 5.g3 Nbd7 6.Bg2 Be7 7.O-O O-O 8.Qc2 b6
9.e4 Bb7 10.e5 Ne8 11.cxd5 cxd5 12.Re1 Rc8 13.Qa4 a5 14.Nf1 Ba6 15.Qd1 Bb4
16.Bg5 Qc7 17.Rc1 Qb8 18.Rxc8 Qxc8 19.Re3 h6 20.a3 hxg5 21.axb4 g4 22.Ng5 axb4
23.Qxg4 Qc2 24.Qh5 Nef6 25.exf6 Nxf6 26.Qh4 Qxb2 27.g4 Re8 28.Rh3 Kf8 29.Qh8+
Ng8 30.Rf3 Re7 31.Nh7+ {#r} 1-0

[Event "It (open)"]
[Site "masterchessopen.com Chennai (India)"]
[Date "2011.01.19"]
[Round "3"]
[White "Greenfeld Alon (ISR)"]
[Black "Prabhu Kiran P (IND)"]
[Result "1-0"]
[WhiteElo "2573"]
[BlackElo "2095"]

1.Nf3 Nf6 2.c4 e6 3.g3 d5 4.Bg2 Be7 5.O-O O-O 6.d4 c6 7.Qc2 Nbd7 8.Nbd2 h6
9.e4 dxe4 10.Nxe4 Nxe4 11.Qxe4 Nf6 12.Qe2 Bd6 13.Bd2 Rb8 14.Rad1 Bd7 15.Ne5
Qc8 16.Bf4 Bc7 17.Qf3 Qd8 18.Rfe1 Ra8 19.Qb3 Bc8 20.h3 Bxe5 21.dxe5 Nd7 22.Qf3
Qe7 23.Qg4 Kh7 24.Be4+ Kh8 25.Bb1 Re8 26.Qh5 Qf8 27.Bg5 Kg8 28.a3 Nb6 29.Rd4
c5 30.Rg4 Kh8 31.Qxh6+ gxh6 32.Bf6+ Qg7 33.Rxg7 Nd7 34.Rh7+ {#r} 1-0

[Event "It \"]
[Site "masterchessopen.com Sofia (Bulgaria)"]
[Date "2011.03.13"]
[Round "6"]
[White "Banchev Borislav (BUL)"]
[Black "Andreev Dobrotich (BUL)"]
[Result "1-0"]
[WhiteElo "2267"]
[BlackElo "2067"]

1.d4 d5 2.Nf3 Nf6 3.c4 e6 4.g3 c6 5.Qc2 Be7 6.Bg2 O-O 7.O-O Nbd7 8.Nbd2 Re8
9.e4 dxe4 10.Nxe4 Nxe4 11.Qxe4 Bf6 12.Ne5 c5 13.Be3 Nxe5 14.dxe5 Be7 15.Rfd1
Qc7 16.Rd3 {#r} 1-0